000 00298nam a22001337a 4500
008 170621b xxu||||| |||| 00| 0 eng d
020 _a897141412
041 _aeng
080 _a32
100 _a20
101 _aSHP
245 _aARMS CONTROL ON THE KOREAN PENINSULA
_cMOON,CH
942 _2udc
_cBK
999 _c18383
_d18383